000 00301nam a2200133Ia 4500
008 231129s1968||||xx |||||||||||||| ||spa||
040 _bspa
082 _aE863 G184y
100 _aGamez Tana de
245 0 _aEl yugo y la estrella
260 _c1968
264 _aJoaquin Mortiz
942 _2ddc
_cBKS
999 _c12701
_d12701